Loading...
| Science - Biology | 5 | 4 | 2 | 1 | 105 | 26 | 59.89 | 7 | 9 |
| Science - Physics | 5 | 3 | 1 | 1 | 100 | 16 | 64.25 | 7 | 7 |
| Science - Chemistry | 5 | 2 | 3 | 1 | 80 | 29 | 54.29 | 7 | 7 |
| Beliefs | 2 | 5 | 3 | 5 | 65 | 75 | 105.86 | 3 | 7 |
| Science - Other Science | 1 | 4 | 1 | 1 | 50 | 53 | 91.20 | 2 | 4 |
| Literature - American Literature | 2 | 1 | 0 | 0 | 40 | 58 | 79.67 | 0 | 2 |
| Literature - World Literature | 3 | 0 | 1 | 0 | 40 | 38 | 43.67 | 3 | 3 |
| Philosophy | 1 | 3 | 1 | 0 | 40 | 57 | 91.00 | 0 | 4 |
| Social Science | 1 | 5 | 6 | 0 | 35 | 59 | 86.00 | 2 | 6 |
| Visual Arts | 2 | 1 | 1 | 0 | 35 | 49 | 78.67 | 2 | 3 |
| History - Other History | 0 | 3 | 0 | 0 | 30 | 82 | 97.33 | 1 | 2 |
| Fine Arts - Other Arts | 1 | 2 | 1 | 0 | 30 | 56 | 78.67 | 0 | 3 |
| Literature - British Literature | 0 | 3 | 1 | 0 | 25 | 89 | 96.67 | 0 | 3 |
| Current Events | 1 | 1 | 0 | 1 | 25 | 49 | 85.50 | 1 | 1 |
| Auditory Arts | 0 | 3 | 1 | 1 | 25 | 110 | 132.33 | 0 | 2 |
| Literature - European Literature | 1 | 1 | 1 | 0 | 20 | 50 | 66.50 | 1 | 2 |
| History - American History | 1 | 1 | 1 | 1 | 20 | 62 | 92.50 | 1 | 2 |
| Other Academic | 1 | 0 | 1 | 0 | 10 | 71 | 71.00 | 0 | 1 |
| History - European History | 0 | 1 | 0 | 0 | 10 | 107 | 107.00 | 1 | 1 |
| History - World History | 0 | 2 | 2 | 1 | 10 | 88 | 110.00 | 0 | 1 |
| Geography | 0 | 1 | 0 | 0 | 10 | 111 | 111.00 | 0 | 1 |
| History - Ancient History | 0 | 1 | 1 | 1 | 5 | 138 | 138.00 | 0 | 1 |